000 00310nam a22001337a 4500
008 170215b xxu||||| |||| 00| 0 eng d
020 _a0880483180
041 _aeng
080 _22ND
_a61
100 _a4
101 _aSHM
245 _aMANUAL OF CLINICAL PSYCHOPHARMACOLOGY
_cSCHATZBERG, A.F
942 _2udc
_cBK
999 _c5551
_d5551